000 01949cam a2200361Ii 4500
001 1222918693
003 OCoLC
005 20240626185012.0
008 201119t20202020onc e 000 1 eng d
020 _a9781335209610
040 _aABJ
_beng
_erda
_cABJ
_dOCLCO
_dGL4
090 _aFIC HIG
100 1 _aHiggins, Kristan,
_eauthor.
245 1 4 _aThe best man /
_cKristan Higgins.
250 _a[Revised edition].
260 _aToronto, Ontario :
_bHQN,
_cc2020.
264 1 _aToronto, Ontario :
_bHQN,
_c2020.
264 4 _cc2020.
300 _a411 pages ;
_c18 cm.
336 _atext
_btxt
_2rdacontent.
337 _aunmediated
_bn
_2rdamedia.
338 _avolume
_bnc
_2rdacarrier.
490 0 _aBlue Heron ;
_v1.
500 _a"First published in 2013. This edition published in 2020 with revised text"--Title page verso.
500 _aDonation 1-22.
520 _a"Sometimes the best man is the one you least expect... Faith Holland left her hometown after being jilted at the altar. Now a little older and wiser, she's ready to return to the Blue Heron Winery, her family's vineyard, to confront the ghosts of her past and maybe enjoy a glass of red. After all, there's some great scenery there... Like Levi Cooper, the local police chief--and best friend of her former fianc©♭. There's a lot about Levi that Faith never noticed, and it's not just those deep green eyes. The only catch is she's having a hard time forgetting that he helped ruin her wedding all those years ago. If she can find a minute amidst all her family drama to stop and smell the ros©♭, she just might discover a reason to stay at Blue Heron and finish that walk down the aisle"--Page 4 of cover.
650 0 _aMan-woman relationships
_vFiction.
650 0 _aPolice chiefs
_vFiction.
650 0 _aWineries
_zNew York (State)
_zFinger Lakes
_vFiction.
651 0 _aFinger Lakes (N.Y.)
_vFiction.
655 7 _aRomance fiction.
_2lcgft.
942 _cBK
999 _c29906
_d29904